Organisationsplan der Kommission der Europäischen Gemeinschaften September 1982

Gespeichert in:
Bibliographische Detailangaben
Format: Buch
Sprache:Deutsch
Veröffentlicht: Brüssels Kommission der Europäischen Gemeinschaften 1982
Tags: Tag hinzufügen
Keine Tags, Fügen Sie das erste Tag hinzu!

MARC

LEADER 00000nam a2200000 4500
001 c136619
005 20041019155307.7
041 0 |a ger 
044 |a BE 
245 1 0 |a Organisationsplan der Kommission der Europäischen Gemeinschaften  |b September 1982 
264 1 |a Brüssels  |b Kommission der Europäischen Gemeinschaften  |c 1982 
300 |a 109 s.